Jóga v denním životě 1 metodický materiál, vydaný k užití ve zdravotní tělovýchově, díl 1 až 4

Bibliographic Details
Main Author: Mahéšvaránanda, svámí, 1945- (Author)
Other Authors: Procházková, Jana (Illustrator), Kaftanová, Alena, 1934- (Illustrator)
Format: Book
Language:Czech
Undetermined
PhysicalDescription:100 s. ilustr. 21 cm
Published: Brno TJ Geofyzika 1988
Subjects:

MARC

LEADER 00000nam a2200000 a 4500
001 vtls010964927
003 SK-MaSNL
005 20260301134403.0
008 240314s1988 xr a g 000 0 cze
020 |q (brož.) 
035 |a 7707A17B-5C75-41D2-8861-B4D9E64816EC 
035 |a urn:nbn:sk:snk-aml0lv 
035 |a urn:nbn:sk:snk-am008nql 
040 |a SNK  |b slo  |c SNK  |e AACR2 
041 1 |a cze  |h und 
044 |a xr  |c CZ 
072 7 |a 796  |x Šport. Hry. Telesné cvičenia  |2 konspekt 
072 7 |a 22/24  |x Náboženstvá Ďalekého východu. Indické náboženstvá. Hinduizmus. Budhizmus  |2 konspekt 
080 |a 233-852.5Y  |2 2001 
080 |a 796.012.62  |2 2001 
080 |a (035)  |2 2001 
100 0 |a Mahéšvaránanda,  |c svámí,  |d 1945-  |4 aut  |9 108403 
245 1 0 |a Jóga v denním životě 1  |b metodický materiál, vydaný k užití ve zdravotní tělovýchově, díl 1 až 4  |c Paramhansa Svámí Mahešvaránanda ; [ilustrace Alena Kaftanová, Jana Procházková] 
260 |a Brno  |b TJ Geofyzika  |c 1988 
300 |a 100 s.  |b ilustr.  |c 21 cm 
500 |a Hrebeňová väzba 
500 |a Na tit. str. r. 1986 
650 0 7 |a joga  |2 SNKPH  |9 4277 
655 7 |a príručky  |2 SNKPH  |9 74364 
700 1 |a Procházková, Jana  |4 ill  |9 5051 
700 1 |a Kaftanová, Alena,  |d 1934-  |4 ill  |9 61851 
999 |c 756913  |d 758843 
952 |a SNK  |b SNK  |y PREZ  |7 0  |p 17A1172717  |o snkSC 166599/1  |i snk2015/28474  |8 1  |0 0  |1 0  |4 0  |d 2015-10-12  |f 1  |l 0  |r 2026-02-23 23:52:20  |w 2026-02-23